000 00452nam a2200169Ia 4500
008 090711s9999 xx 000 0 und d
082 _b55800
100 _aमंगेशकर गीता
245 _aआक्रमण
260 _c1987
300 _a283
600 _aमंगेशकर गीता
630 _aआक्रमण
700 _aमंगेशकर गीता
730 _aआक्रमण
942 _cBOOK
999 _c303076
_d303076